Responses for Show #3311 - Monday, January 18, 1999

Contestants

[<< previous game]

Michael Angel, a student from Champaign, Illinois

Rich Hendricks, a cleaning company administrator from Amherst, New York

Jennifer Hawthorne, a writer from Los Angeles, California (whose 1-day cash winnings total $9,001)

[next game >>]

Jeopardy! Round responses

MARTIN LUTHER KING, JR.
CLASSIC MOVIE LINES
(Alex: We'll give you the line, you identify the film.)
AMERICA SINCE 1900
HOW TO PROPOSE MARRIAGE
BETTER KNOWN AS...
READINGS FROM HOMER SIMPSON
(Alex: All of the readings are from the works of the classic poet Homer, but they will be delivered by Homer Simpson--how appropriate, isn't it?)
    $100 15
Coretta Scott

Jennifer
    $100 1
unions

Jennifer
    $100 11
the knot

Jennifer
    $100 6
Chevy Chase

Rich
    $100 14
Odysseus

Michael
    $200 24
Malcolm X

Jennifer
    $200 2
Microsoft

Rich
    $200 12
the aisle

Michael
    $200 7
(Alex: And thank you Walter for changing your name!)

Walter Matthau

Rich
    $200 16
(Rich: Who is Morpheus?)

Zeus

JenniferRich
    $300 23
(Michael: What is Memphis?)

Washington, D.C.

RichMichael
    $300 3
fluoride

Michael
    $300 13
hand

Jennifer
    $300 8
(Jennifer: Who is James Arness?)
...
(Alex: James Arness is [*]'s brother.)

Peter Graves

JenniferRich
    $300 17
(Alex: And I don't think the "va va va voom" was part of the original poem!")

Helen

Rich
    $400 22
Booker T. Washington

Michael
    $400 26
[The end-of-round signal sounds.]
(Alex: Oh no. We had some great lines. We'll save them for another day, believe me!)

Taxi Driver

Rich
    $400 4
(Jennifer: What are senators?)

pages

Jennifer
Triple Stumper
    $400 18
troth

Jennifer
    $400 9
Jane Seymour

Triple Stumper
    $800 19
Cyclops

Jennifer
    $500 21
the Promised Land

Michael
    $500 25
The African Queen

Triple Stumper
    $500 5
Levittowns

Jennifer
    $500 10
Bruce Lee

Rich
    $500 20
(Alex: And we want to thank Dan Castellaneta for doing all those recordings for us. With a minute to go.)

Circe

Michael

Scores at the first commercial break (after clue 13):

Jennifer Rich Michael
$300 $1,300 $500

Scores at the end of the Jeopardy! Round:

Jennifer Rich Michael
$2,000 $2,100 $1,700

Double Jeopardy! Round responses

STATE NAMES
INTERNATIONAL SPORTS STARS
LITERARY BEFORE & AFTER
CHEETAHS
NEVER
PROSPERO
(Alex: Oh boy - the writers are going to terrible lengths!)
    $200 6
Alaska

Jennifer
    $200 1
Wayne Gretzky

Michael
    $200 11
Alice Walker, Texas Ranger

Jennifer
    $200 27
claws

Jennifer
    $200 23
fault

Jennifer
    $200 12
William Shakespeare

Jennifer
    $400 7
Idaho

Rich
    $400 2
Hakeem Olajuwon

Rich
    $400 14
The Scarlet Letter Opener

Michael
    $400 28
tears

Rich
    $400 29
personal identification number

Rich
    $400 13
dreams

Michael
    $600 10
George Washington

Rich
    $2,000 3
Czechoslovakia

Rich
    $600 15
Anne Rice Pudding

Jennifer
    $600 22
(Jennifer: What is 140?)

70

JenniferRich
    $600 30
frostbite

Michael
    $600 16
Ariel

Jennifer
    $800 8
Missouri

Jennifer
    $800 4
Greg Norman

Rich
    $800 25
(Alex: Less than a minute to go.)

Inherit The Wind Beneath My Wings

Jennifer
    $800 21
(Michael: What are gazelles?)

antelopes

JenniferMichael
    $800 24
ammonia

Jennifer
    $2,000 17
(Jennifer: Who was Henry VIII?)

James I

Jennifer
    $1000 9
Oregon

Triple Stumper
    $1000 5
Katarina Witt

Jennifer
    $1000 26
(Michael: What is Ezra Pound's Puppies?)

Ezra Pound Puppies

RichMichael
    $1000 20
Serengeti

Jennifer
    $1000 19
(Jennifer: What is apologize?)

explain

Jennifer
Triple Stumper
    $1000 18
Caliban

Jennifer

Scores at the end of the Double Jeopardy! Round:

Jennifer Rich Michael
$6,800 $8,700 $1,500

[wagering suggestions for these scores]

Final Jeopardy! Round responses

ENTERTAINERS
(Homer Simpson: [To Michael] Wow, you're smart!)
(Alex: That's enough, Homer--enough for you!)
MichaelWhat is The Rat Pack
$1,500
JenniferWhat is the Terrible Trio?
$2,200
RichWhat is the Rat Pack?
$4,901
"The Rat Pack"

Final scores:

Jennifer Rich Michael
$4,600 $13,601 $3,000
2nd place: Trip to Fiesta Americana Hotel & Resort, Cancun, Mexico New champion: $13,601 3rd place: Pair of Festina Tour Watches

Game dynamics:

Coryat scores:

Jennifer Rich Michael
$8,400 $7,300 $1,500
23 R
(including 1 DD),
5 W
(including 1 DD)
17 R
(including 1 DD),
1 W
10 R,
3 W

Combined Coryat: $17,200

[game clues] [game scores] [suggest correction]

Game tape date: 1998-11-17
The J! Archive is created by fans, for fans. Scraping, republication, monetization, and malicious use prohibited; this site may use cookies and collect identifying information. See terms. The Jeopardy! game show and all elements thereof, including but not limited to copyright and trademark thereto, are the property of Jeopardy Productions, Inc. and are protected under law. This website is not affiliated with, sponsored by, or operated by Jeopardy Productions, Inc. Join the discussion at JBoard.tv.